| 000 | 00946nam a22001937a 4500 | ||
|---|---|---|---|
| 003 | NUST | ||
| 005 | 20240831160503.0 | ||
| 020 | _a9783030609092 | ||
| 082 | _a621.3815,MAR | ||
| 100 |
_aMarwedel, Peter _961206 |
||
| 245 |
_aEmbedded System Design : _bEmbedded Systems Foundations of Cyber-Physical Systems, and the Internet of Things / _cPeter Marwedel, |
||
| 250 | _aFourth Edition | ||
| 260 |
_aUSA _bSpringer, _c2021 |
||
| 300 | _axiv, 433 p | ||
| 505 | _aIntroduction (Page-1), Specifications and Modeling (Page-29), Embedded System Hardware (Page-127), System Software (Page-203), Evaluation and Validation (Page-239), Application Mapping (Page-295), Optimization (Page-349), Test (Page-381). | ||
| 650 |
_aElectronic circuits | Electronics | Microelectronics | Microprocessors | Circuits and Systems | _9125561 |
||
| 651 |
_aElectronics and Microelectronics, Instrumentation | Processor Architectures _9125562 |
||
| 942 |
_2ddc _cREF |
||
| 999 |
_c611308 _d611308 |
||